000 00607nam a2200169Ia 4500
008 090711s9999 xx 000 0 und d
082 _b3169
100 _aसहस्त्रबुद्धे प. त्रि.
245 _aपहिली सलामी
260 _bयुगवाणी प्रकाशन
_c1948
300 _a207
600 _aसहस्त्रबुद्धे प. त्रि.
630 _aपहिली सलामी
700 _aसहस्त्रबुद्धे प. त्रि.
730 _aपहिली सलामी
942 _cBOOK
999 _c287553
_d287553